00733nam a2200229Ia 450000500170000000800410001702000190005804100080007708200190008510000240010424500280012825000110015626000390016730000090020650000280021565000360024370000380027990600070031794200070032499900170033195201550034820251120131506.0230125s9999 xx 000 0 und d a81-315-02430-6 aeng a158.1bSCH/SCH aSchultz D P9215136 aTheories of Personality a8th ed c2007bPearson EducationaNew Delhi a532p aPersonality Development aPersonality Development9213420 aSchultz D P & Schultz S E9215137 b75 cBK c90840d90840 00104070aHIMRbHIMRd2008-03-31eBooklandg375.00i6931l0o158.1 SCH/SCH B06406pHIMR-BK-6406r2023-01-25 00:00:00v300.00w2008-03-29yBKzB06406